000 00433nam a2200181Ia 4500
001 19625
005 20260306172707.0
008 260306t1988||||xx |||||||||||||| ||spa||
041 _aESP
082 _a340.7
_bG24
100 _aGarcía Toma, Victor [1954-...]
_eAUT
245 0 _aIntroducción al derecho
260 _c1988
300 _a161 páginas :
_c24 cm.
650 _aGEN
654 _aCDE
942 _cLIB
_dJUS
_fJUS
_2ddc
_n
999 _c19625
_d19625